000 00817nam a2200157Ia 4500
005 20240809022946.0
008 240331s9999 xx 000 0 und d
020 _a9789559072133
082 _bDES
_a384,55
100 _aDe Silva, Kumar
245 4 _aThe Bonsoir Diaries
_cKumar de Silva
260 _a Sri Lanka
_bSamaranayake publishers
_c2013
300 _a282 p .,
500 _a" The Bonsoir Diaries" is a graphical record of the glorious years of this highly watched television show. one will also realise that the author seamlessly goes beyond his original mandate and parallely makes this an unconscious record of franco-Sri Lankan ties, bilateral, diplomatic and otherwise, spread over nearly three and a half centuries, going back to 1672, all of which are skillfully woven into the narrative.
942 _cL
999 _c5799
_d5799